000 01039cam a2200253 i 4500
999 _c7546
_d7546
003 OSt
005 20200313045603.0
008 170731s2018 njua b 001 0 eng
020 _a9781119377207 (paperback)
040 _aDLC
_beng
_cDLC
_erda
_dDLC
082 0 0 _a729
_223
084 _aARC007000
_2bisacsh
100 1 _aChing, Francis D. K.,
_d1943-
_eauthor.
245 1 0 _aInterior design illustrated /
_cby Francis D.K. Ching, Corky Binggeli.
250 _aFourth edition.
300 _avi, 394 pages :
_billustrations ;
_c28 cm
504 _aIncludes bibliographical references and index.
520 _a"This book introduces complex concepts of interior design -- from defining interior space, elements and vocabulary of interior design to explaining interior environmental systems -- through his inimitable approach using words and drawings"--
650 0 _aInterior architecture.
650 0 _aSpace (Architecture)
650 0 _aInterior decoration
_xHistory
_y21st century.
700 1 _aBinggeli, Corky,
_eauthor.
942 _2ddc